Operations management : (Record no. 1398)
[ view plain ]
| 000 -LEADER | |
|---|---|
| fixed length control field | 00806nam a2200181 4500 |
| 020 ## - INTERNATIONAL STANDARD BOOK NUMBER | |
| ISBN | 9780256194067 |
| 050 ## - CALL NUMBER | |
| Classification number | TS155| |
| Item number | .S3244 1997 |
| 100 ## - AUTHOR | |
| Personal name | Schonberger, Richard |
| 245 ## - TITLE | |
| Title | Operations management : |
| Remainder of title | customer-focused principles / |
| Statement of responsibility, etc | Richard J. Schonberger, Edward M. Knod, Jr. |
| 250 ## - EDITION | |
| Edition statement | 6th ed. |
| 260 ## - PUBLICATION INFORMATION | |
| Place of publication | Chicago : |
| Name of publisher | |bIrwin, |
| Year of publication | 1997. |
| 300 ## - DESCRIPTION | |
| Number of Pages | xii, 723 p. :. |
| Other physical details | ill. (some col.) |
| Dimensions | 27 cm. |
| 500 ## - NOTES | |
| General note | Includes indexes. |
| 505 ## - FORMATTED CONTENTS NOTE | |
| Table of Content | Operations, competitive strategies and principles, the quality imperative, design and control for customer satisfaction, translating demand into orders, translating planned orders into outcomes,OM Resources: measurement,management, improvement.........<br/> |
| 650 ## - SUBJECTS | |
| Topical Term | Production management. |
| 700 ## - OTHER AUTHORS | |
| Personal name | Knod, Edward M. |
| 942 ## - ADDED ENTRY ELEMENTS (KOHA) | |
| Koha item type | Books |
| Withdrawn status | Lost status | Home library | Current library | Date acquired | Full call number | Accession Number | Koha item type | Copy number |
|---|---|---|---|---|---|---|---|---|
| Methodist University Library Tema | Methodist University Library Tema | 11/12/2017 | TS155| .S3244 1997 | 22758 | Books | |||
| Methodist University Library Tema | Methodist University Library Tema | 11/12/2017 | TS155| .S3244 1997 | 22760 | Books | |||
| Methodist University Library Tema | Methodist University Library Tema | 11/12/2017 | TS155| .S3244 1997 | Books | 22759 | |||
| Methodist University Library Tema | Methodist University Library Tema | 11/12/2017 | TS155| .S3244 1997 | 22759 | Books | |||
| Methodist University Library Tema | Methodist University Library Tema | 11/12/2017 | TS155| .S3244 1997 | 22757 | Books |